| 000 | 00369nam a22001457a 4500 | ||
|---|---|---|---|
| 003 | ASAB | ||
| 005 | 20180827062628.0 | ||
| 008 | 160413t xxu||||| |||| 00| 0 eng d | ||
| 020 | _a81-8189-094-9 | ||
| 040 | _cASAB | ||
| 100 |
_aC.P.A Iyer _91782 |
||
| 245 | _ahigh density planting in tropical fruits principles and practices | ||
| 300 | _a260 P. | ||
| 942 |
_2ddc _cBK |
||
| 999 |
_c480067 _d480067 |
||